00832cam a2200253 a 4500001000500000005001700005020004300022020001800065040002300083050002000106082001000126100002700136245004300163260004300206300004700249490002900296490001700325505000800342520011800350521002000468521002000488650003100508650003900539325820250828153623.0 a9781615902675 (hardcover : alk. paper) a9781615905072 aDLCcDLCdDLCbeng00aSF375.M38b201100a636.31 aMattern, Joanned1963-10aSheep on the farm /cby Mattern,Joanne aFlorida : bRourke Publushing , c2011 a24 pages : bcolor illustrations ;c21 cm.0 aRourke discovery library0 aFarm animals0 aN  aCurious Kids Will Learn About Sheep, How Farmers Care For Them, And What Benefits We Get From These Farm Animals. a570 bLexile  aN bRaz-Plus  0aSheepvJuvenile literature 0aSheep ranchesvJuvenile literature